<?xml version="1.0" encoding="UTF-8"?><?xml-stylesheet type="text/xsl" href="static/style.xsl"?><OAI-PMH xmlns="http://www.openarchives.org/OAI/2.0/" xmlns:xsi="http://www.w3.org/2001/XMLSchema-instance" xsi:schemaLocation="http://www.openarchives.org/OAI/2.0/ http://www.openarchives.org/OAI/2.0/OAI-PMH.xsd"><responseDate>2026-04-28T19:50:12Z</responseDate><request verb="GetRecord" identifier="oai:uvadoc.uva.es:10324/3865" metadataPrefix="marc">https://uvadoc.uva.es/oai/request</request><GetRecord><record><header><identifier>oai:uvadoc.uva.es:10324/3865</identifier><datestamp>2021-06-29T09:38:13Z</datestamp><setSpec>com_10324_38</setSpec><setSpec>col_10324_852</setSpec></header><metadata><record xmlns="http://www.loc.gov/MARC21/slim" xmlns:doc="http://www.lyncode.com/xoai" xmlns:xsi="http://www.w3.org/2001/XMLSchema-instance" xmlns:dcterms="http://purl.org/dc/terms/" xsi:schemaLocation="http://www.loc.gov/MARC21/slim http://www.loc.gov/standards/marcxml/schema/MARC21slim.xsd">
<leader>00925njm 22002777a 4500</leader>
<datafield tag="042" ind1=" " ind2=" ">
<subfield code="a">dc</subfield>
</datafield>
<datafield tag="720" ind1=" " ind2=" ">
<subfield code="a">González Sanz-Gómez, María</subfield>
<subfield code="e">author</subfield>
</datafield>
<datafield tag="260" ind1=" " ind2=" ">
<subfield code="c">2013</subfield>
</datafield>
<datafield tag="520" ind1=" " ind2=" ">
<subfield code="a">En la actualidad, el aprendizaje de lenguas es uno de los aspectos de la educación de los niños considerados como más importantes, con el fin de que se integren de la mejor forma posible en nuestra sociedad multicultural y multilingüe. Por lo tanto, en los últimos años, los gobiernos de diferentes países han llevado a cabo políticas bilingües en el campo de la enseñanza. Se trata también del caso de España, donde tanto colegios públicos como privados han implantado diferentes programas bilingües Sin embargo, no hay muchos materiales para profesores que enseñan asignaturas de contenidos, como Conocimiento del Medio, en una lengua extranjera. Consecuentemente, el principal objetivo de este trabajo es diseñar un conjunto de actividades y materiales apropiados para alumnos españoles de Primero de Educación Primaria, teniendo en cuenta los contenidos y los temas que aprenden en este nivel, para ser utilizados por profesores de Science en sus clases.</subfield>
</datafield>
<datafield tag="024" ind2=" " ind1="8">
<subfield code="a">http://uvadoc.uva.es/handle/10324/3865</subfield>
</datafield>
<datafield ind1=" " ind2=" " tag="653">
<subfield code="a">Bilingüismo</subfield>
</datafield>
<datafield ind1=" " ind2=" " tag="653">
<subfield code="a">Aprendizaje integrado</subfield>
</datafield>
<datafield ind1=" " ind2=" " tag="653">
<subfield code="a">Lengua Inglesa</subfield>
</datafield>
<datafield tag="245" ind1="0" ind2="0">
<subfield code="a">Elaboración de materiales para la asignatura de "Science" en el aula de Educación Primaria</subfield>
</datafield>
</record></metadata></record></GetRecord></OAI-PMH>